[Event "III Open Amatori"]
[Site "Arvier ITA"]
[Date "2013.01.04"]
[Round "4"]
[White "Benazzo, Angelo"]
[Black "Boschetti, Claudio"]
[WhiteElo "1701"]
[BlackElo "2138"]
[Result "0-1"]
[PlyCount "86"]
[EventDate "2013.01.02"]

1. Nf3 b5 2. d4 Bb7 3. Nbd2 Nf6 4. g3 d6 5. Bg2 Nbd7 6. O-O c5 7. Re1 Qc7 8. e4
e5 9. d5 g6 10. c4 b4 11. Nf1 Bg7 12. h4 Nb6 13. b3 a5 14. Bh3 a4 15. Bg5 h6
16. Bxf6 Bxf6 17. Qc2 Ke7 18. Ne3 h5 19. Kg2 Ra5 20. Rab1 Rha8 21. Rb2 Bc8 22.
Bxc8 Qxc8 23. Nh2 axb3 24. axb3 Ra3 25. Qd2 R8a7 26. g4 hxg4 27. Nhxg4 Bxh4 28.
Rh1 Bg5 29. Rh7 Qg8 30. Rh3 Ra1 31. Nxe5 dxe5 32. d6+ Kd8 33. Ng4 Nd7 34. Qd3
f6 35. Nh6 Qf8 36. Ng4 R7a6 37. Qd5 Rxd6 38. Qb7 Qg8 39. Rb1 Raa6 40. Rbh1 Rab6
41. Qxb6+ Rxb6 42. Rh8 Qxh8 43. Rxh8+ Kc7 0-1

[Event "III Open Amatori"]
[Site "Arvier ITA"]
[Date "2013.01.04"]
[Round "4"]
[White "Bogatto, Mario"]
[Black "Piazza, Giacomo"]
[WhiteElo "1430"]
[BlackElo "1608"]
[Result "1-0"]
[PlyCount "105"]
[EventDate "2013.01.02"]

1. e4 b6 2. d4 Bb7 3. Bd3 e6 4. Nf3 h6 5. O-O Nf6 6. Qe2 a5 7. a3 Na6 8. c3 Be7
9. Nbd2 d6 10. Re1 Nh7 11. Nf1 c6 12. h3 Ng5 13. Nxg5 hxg5 14. Nh2 Nc7 15. f4
Bc8 16. fxg5 Bxg5 17. Qf3 Bxc1 18. Raxc1 Qe7 19. Qg3 g5 20. Rf1 Bd7 21. Ng4
O-O-O 22. Nf6 e5 23. Nxd7 Rxd7 24. Qf3 Rf8 25. d5 c5 26. c4 f6 27. Rc2 Qg7 28.
Rcf2 Rdf7 29. Qg3 Ne8 30. Qg4+ Kb7 31. Rf3 f5 32. exf5 Nf6 33. Qg3 e4 34. Bxe4
Nxe4 35. Qe1 Nf6 36. b4 a4 37. bxc5 dxc5 38. Qb1 Nd7 39. Qb5 g4 40. hxg4 Qd4+
41. R3f2 Qxg4 42. Qc6+ Kb8 43. Qd6+ Kc8 44. Qc6+ Kb8 45. Qd6+ Ka7 46. Qc6 Qxc4
47. Qc7+ Ka6 48. Qf4 Qxf4 49. Rxf4 Ne5 50. Rxa4+ Kb5 51. Raf4 c4 52. Rb1+ Kc5
53. Rb5+ 1-0

[Event "III Open Amatori"]
[Site "Arvier ITA"]
[Date "2013.01.04"]
[Round "4"]
[White "Brioschi, Camillo"]
[Black "Pierantoni, Mauro"]
[WhiteElo "1800"]
[BlackElo "1810"]
[Result "1-0"]
[PlyCount "73"]
[EventDate "2013.01.02"]

1. d4 e6 2. c4 d6 3. Nc3 g6 4. e4 Bg7 5. f4 b6 6. Nf3 Bb7 7. Be3 Ne7 8. Bd3 Nd7
9. O-O O-O 10. Rc1 f5 11. Ng5 fxe4 12. Nxe6 exd3 13. Nxd8 Raxd8 14. Qxd3 Nf5
15. Rce1 Nf6 16. Bf2 Ng4 17. Kh1 Nxf2+ 18. Rxf2 Bxd4 19. Rfe2 c5 20. Nd5 Bxd5
21. cxd5 Bf6 22. b3 Nd4 23. Re4 Rd7 24. Re8 Kg7 25. Qe4 Rff7 26. g3 Nf5 27. Qa4
Nd4 28. Qa6 Nc2 29. R1e2 Nb4 30. Qc4 b5 31. Qe4 Na6 32. g4 Nc7 33. g5 Nxe8 34.
Qxe8 Bd4 35. Re4 a5 36. Qb8 b4 37. Re8 1-0

[Event "III Open Amatori"]
[Site "Arvier ITA"]
[Date "2013.01.04"]
[Round "4"]
[White "Cattaneo, Roger"]
[Black "Bianchi, Simone"]
[WhiteElo "1821"]
[BlackElo "1600"]
[Result "1-0"]
[PlyCount "45"]
[EventDate "2013.01.02"]

1. e4 d5 2. exd5 Nf6 3. c4 c6 4. dxc6 Nxc6 5. Nf3 e5 6. d3 Bc5 7. Be2 Bf5 8.
O-O Qb6 9. Nc3 O-O-O 10. Na4 Qa5 11. Nxc5 Qxc5 12. Be3 Qe7 13. Qb3 e4 14. dxe4
Bxe4 15. Nd2 Rxd2 16. Bxd2 Nd4 17. Qe3 Nc2 18. Qxa7 Rd8 19. Ba5 Nxa1 20. Qa8+
Kd7 21. Rd1+ Kc6 22. Bxd8 Qe6 23. Qa4+ 1-0

[Event "III Open Amatori"]
[Site "Arvier ITA"]
[Date "2013.01.04"]
[Round "4"]
[White "Doromeychuk, Anton"]
[Black "Belabbas, Abdellah"]
[WhiteElo "1774"]
[BlackElo "1860"]
[Result "1/2-1/2"]
[PlyCount "95"]
[EventDate "2013.01.02"]

1. d4 Nf6 2. c4 e5 3. dxe5 Ne4 4. Nf3 Nc6 5. Qc2 Bb4+ 6. Nbd2 d5 7. a3 Bxd2+ 8.
Bxd2 Bf5 9. Bg5 Qd7 10. cxd5 Qxd5 11. Rd1 Qe6 12. Nh4 Qxe5 13. Nxf5 Qxf5 14. f3
Qxg5 15. Qxe4+ Qe7 16. Qxe7+ Kxe7 17. e3 Rad8 18. Bd3 Rd6 19. Ke2 h6 20. Be4
Rhd8 21. b4 b6 22. Rxd6 Rxd6 23. Rc1 Kd7 24. Bf5+ Kd8 25. Rd1 Ke7 26. Rxd6 Kxd6
27. f4 Ne7 28. Be4 c5 29. Kd3 cxb4 30. axb4 a5 31. Kc4 axb4 32. Bf3 b3 33. Kxb3
Nd5 34. Kc4 Nxe3+ 35. Kb5 Nd5 36. g3 f5 37. Bh1 Ne3 38. h3 g5 39. fxg5 hxg5 40.
Kxb6 Nf1 41. g4 fxg4 42. hxg4 Nh2 43. Kb5 Nxg4 44. Kc4 Ke5 45. Kc3 Kf4 46. Kd2
Nf2 47. Ba8 g4 48. Ke2 1/2-1/2

[Event "III Open Amatori"]
[Site "Arvier ITA"]
[Date "2013.01.04"]
[Round "4"]
[White "Ljubisavljevic, Zivojin Z."]
[Black "Gromovs, Sergejs"]
[WhiteElo "2250"]
[BlackElo "2001"]
[Result "1/2-1/2"]
[PlyCount "24"]
[EventDate "2013.01.02"]

1. Nf3 d5 2. g3 Nf6 3. Bg2 g6 4. O-O Bg7 5. d4 O-O 6. Nbd2 c6 7. Ne5 Ng4 8.
Nxg4 Bxg4 9. h3 Bc8 10. c3 Nd7 11. Nf3 Nf6 12. Qd3 Qd6 1/2-1/2

[Event "III Open Amatori"]
[Site "Arvier ITA"]
[Date "2013.01.04"]
[Round "4"]
[White "Lyabel, Giacomo"]
[Black "Gennaro, Isabella"]
[WhiteElo "1449"]
[BlackElo "1658"]
[Result "1-0"]
[PlyCount "143"]
[EventDate "2013.01.02"]

1. e4 c5 2. Nf3 Nc6 3. Nc3 e6 4. d4 cxd4 5. Nxd4 Bc5 6. Be3 Qb6 7. Na4 Qa5+ 8.
c3 Be7 9. Nxc6 dxc6 10. b4 Qc7 11. Bd3 Nf6 12. O-O O-O 13. h3 Rd8 14. Qc2 e5
15. Rfd1 Be6 16. Rd2 Rd7 17. Rad1 Rad8 18. Bxa7 Ra8 19. Bb6 Qc8 20. Ba5 Bd8 21.
Bxd8 Qxd8 22. Nc5 Rxa2 23. Qb1 Rxd2 24. Rxd2 Re7 25. Qd1 Ne8 26. Nxe6 Rxe6 27.
Bc4 Rd6 28. Rxd6 Qxd6 29. Qxd6 Nxd6 30. Bd3 Kf8 31. Kf1 Ke7 32. Ke2 g6 33. g4
Ke6 34. Kf3 f5 35. gxf5+ gxf5 36. exf5+ Nxf5 37. Kg4 Nh6+ 38. Kh5 Nf5 39. Kg5
Ne7 40. Bxh7 Kd6 41. Bd3 Nd5 42. c4 Nxb4 43. Bf1 e4 44. h4 Nd3 45. f4 b5 46.
cxb5 cxb5 47. h5 b4 48. h6 b3 49. h7 b2 50. h8=Q b1=Q 51. Qd4+ Kc7 52. Qc4+ Kb6
53. Qe6+ Kc5 54. Qc8+ Kd4 55. Qd7+ Ke3 56. Qh3+ Kd4 57. Qd7+ Kc3 58. Qc7+ Kd2
59. Qa5+ Ke3 60. Qa7+ Kf3 61. Qg1 Qc1 62. Bg2+ Kg3 63. Qxc1 Nxc1 64. Bxe4 Ne2
65. f5 Nc3 66. Bc6 Ne2 67. f6 Nf4 68. f7 Ne6+ 69. Kg6 Kf4 70. Kf6 Nf8 71. Bd5
Ke3 72. Kg7 1-0

[Event "III Open Amatori"]
[Site "Arvier ITA"]
[Date "2013.01.04"]
[Round "4"]
[White "Marguerettaz, Davy"]
[Black "Baloire, Endy"]
[WhiteElo "2199"]
[BlackElo "1961"]
[Result "1/2-1/2"]
[PlyCount "54"]
[EventDate "2013.01.02"]

1. d4 d5 2. c4 e6 3. Nc3 Nf6 4. Bg5 Nbd7 5. cxd5 exd5 6. e3 c6 7. Bd3 Be7 8.
Qc2 O-O 9. Nf3 Re8 10. h3 a6 11. Bxf6 Nxf6 12. g4 g6 13. Ne5 c5 14. f4 cxd4 15.
exd4 Bb4 16. f5 Ne4 17. Bxe4 dxe4 18. fxg6 hxg6 19. Qf2 Qc7 20. Rc1 Rxe5 21.
dxe5 Qxe5 22. Qh2 Qd4 23. Rd1 Bxc3+ 24. bxc3 Qxc3+ 25. Qd2 Qg3+ 26. Qf2 Qc3+
27. Qd2 Qg3+ 1/2-1/2

[Event "III Open Amatori"]
[Site "Arvier ITA"]
[Date "2013.01.04"]
[Round "4"]
[White "Serrajotto, Marino"]
[Black "Yeuillaz, Corrado"]
[WhiteElo "1866"]
[BlackElo "2239"]
[Result "0-1"]
[PlyCount "100"]
[EventDate "2013.01.02"]

1. e4 c5 2. d4 cxd4 3. c3 Nf6 4. e5 Nd5 5. c4 Nb4 6. Nf3 N4c6 7. Bd3 Nxe5 8.
Nxd4 Nbc6 9. Nb3 d6 10. O-O g6 11. Be2 Bg7 12. Nc3 O-O 13. h3 Nd7 14. Nd5 Nb6
15. Nxb6 Qxb6 16. Be3 Qc7 17. Qd2 Be6 18. Bf4 Rfd8 19. Rac1 Rac8 20. Rfd1 Qd7
21. Bh6 Bh8 22. Be3 b6 23. Nd4 Nxd4 24. Bxd4 Bxd4 25. Qxd4 Qa4 26. Rc3 Qb4 27.
Rb3 Qc5 28. Qxc5 Rxc5 29. Rc3 Rdc8 30. Rdc1 d5 31. cxd5 Rxc3 32. Rxc3 Rxc3 33.
bxc3 Bxd5 34. a3 e5 35. f3 Kf8 36. Kf2 Ke7 37. Ke3 Kd6 38. Kd2 Kc5 39. a4 Bc4
40. Bd3 Bxd3 41. Kxd3 b5 42. axb5 Kxb5 43. g3 f5 44. Kd2 Kc4 45. g4 a5 46. gxf5
gxf5 47. h4 a4 48. Kc2 e4 49. h5 exf3 50. h6 f2 0-1

[Event "III Open Amatori"]
[Site "Arvier ITA"]
[Date "2013.01.04"]
[Round "4"]
[White "Triglia, Guglielmo"]
[Black "Tedesco, Fernando"]
[WhiteElo "1413"]
[BlackElo "1798"]
[Result "0-1"]
[PlyCount "78"]
[EventDate "2013.01.02"]

1. e4 e6 2. Nc3 d6 3. Bc4 Be7 4. Nf3 Nf6 5. e5 dxe5 6. Nxe5 O-O 7. O-O Nbd7 8.
Nxd7 Bxd7 9. Bb5 c6 10. Be2 Bb4 11. d4 Bxc3 12. bxc3 Qc7 13. Bg5 Nd5 14. c4 Nc3
15. Qd3 Nxe2+ 16. Qxe2 f6 17. Be3 Rfe8 18. c3 e5 19. f3 e4 20. fxe4 Rxe4 21.
Qd3 Rae8 22. Bf4 Rxf4 23. Rxf4 Qxf4 24. Rf1 Qe3+ 25. Qxe3 Rxe3 26. Rb1 Bc8 27.
Rb3 b6 28. d5 cxd5 29. cxd5 Rd3 30. c4 Rxb3 31. axb3 Kf7 32. Kf2 a5 33. Ke3 Ke7
34. Kd4 Kd6 35. g4 Bxg4 36. h4 Bd1 37. Kc3 Kc5 38. Kd2 Bxb3 39. Kc3 Bxc4 0-1

[Event "III Open Amatori"]
[Site "Arvier ITA"]
[Date "2013.01.05"]
[Round "5"]
[White "Baloire, Endy"]
[Black "Serrajotto, Marino"]
[WhiteElo "1961"]
[BlackElo "1866"]
[Result "1/2-1/2"]
[PlyCount "51"]
[EventDate "2013.01.02"]

1. d4 Nf6 2. Bf4 g6 3. e3 Bg7 4. Nf3 d6 5. h3 O-O 6. Be2 c5 7. c3 cxd4 8. exd4
Be6 9. O-O Qb6 10. b3 Nc6 11. Nbd2 Nd5 12. Nc4 Qc7 13. Bd2 Bd7 14. Ne3 Nf4 15.
Nc2 Nxe2+ 16. Qxe2 Rfe8 17. d5 Na5 18. Ne3 b6 19. Rac1 Nb7 20. c4 Nc5 21. Bc3
Bxc3 22. Rxc3 Ne4 23. Rcc1 Qc5 24. Qd3 Nf6 25. Qd4 Qxd4 26. Nxd4 1/2-1/2

[Event "III Open Amatori"]
[Site "Arvier ITA"]
[Date "2013.01.05"]
[Round "5"]
[White "Belabbas, Abdellah"]
[Black "Benazzo, Angelo"]
[WhiteElo "1860"]
[BlackElo "1701"]
[Result "0-1"]
[PlyCount "46"]
[EventDate "2013.01.02"]

1. d4 Nf6 2. Nc3 d5 3. e4 Nxe4 4. Nxe4 dxe4 5. f3 Bf5 6. Bc4 e6 7. c3 c6 8. Qe2
exf3 9. Nxf3 Be7 10. Ne5 Bg6 11. O-O O-O 12. Be3 Nd7 13. Nxg6 hxg6 14. Rf3 Nf6
15. Raf1 Nd5 16. Bc1 Bg5 17. Bxg5 Qxg5 18. Rg3 Qe7 19. Bd3 Rae8 20. Rff3 e5 21.
Bc4 exd4 22. Qc2 dxc3 23. bxc3 Qc5+ 0-1

[Event "III Open Amatori"]
[Site "Arvier ITA"]
[Date "2013.01.05"]
[Round "5"]
[White "Bianchi, Simone"]
[Black "Doromeychuk, Anton"]
[WhiteElo "1600"]
[BlackElo "1774"]
[Result "0-1"]
[PlyCount "88"]
[EventDate "2013.01.02"]

1. e4 d6 2. d4 Nf6 3. Nc3 g6 4. Be2 Bg7 5. Nf3 c5 6. dxc5 Qa5 7. Bd2 Qxc5 8. b4
Qc7 9. Rb1 O-O 10. O-O Nbd7 11. Re1 Ng4 12. Nd5 Qd8 13. Bg5 Ndf6 14. Bc4 e6 15.
Nf4 Qb6 16. Bh4 Bh6 17. Nh3 Qc7 18. Bb3 Bd7 19. Bg3 Ne5 20. Nd4 Nh5 21. f4 Nxg3
22. hxg3 Nc6 23. Nxc6 Bxc6 24. a3 Rfd8 25. Qd3 d5 26. exd5 Bxd5 27. c4 Bxg2 28.
Qe2 Bxh3 29. Qh2 Bf5 30. Qxh6 Bxb1 31. Rxb1 a5 32. Kg2 axb4 33. f5 exf5 34. Rh1
Qc6+ 35. Kf2 Qc5+ 36. Kg2 bxa3 37. Qxh7+ Kf8 38. Qh8+ Ke7 39. Qh4+ Kd6 40. Rd1+
Kc7 41. Qf4+ Rd6 42. Rd5 Qb4 43. c5 Qxf4 44. cxd6+ Qxd6 0-1

[Event "III Open Amatori"]
[Site "Arvier ITA"]
[Date "2013.01.05"]
[Round "5"]
[White "Boschetti, Claudio"]
[Black "Gromovs, Sergejs"]
[WhiteElo "2138"]
[BlackElo "2001"]
[Result "0-1"]
[PlyCount "86"]
[EventDate "2013.01.02"]

1. e4 c5 2. d4 cxd4 3. c3 dxc3 4. Nxc3 Nc6 5. Nf3 d6 6. Bc4 e6 7. O-O a6 8. Qe2
b5 9. Bb3 Ra7 10. Be3 Rd7 11. Nxb5 axb5 12. Qxb5 Bb7 13. Bb6 Qa8 14. Rfc1 Nge7
15. Ba4 e5 16. Rc3 g6 17. Rac1 Bh6 18. Rxc6 Nxc6 19. Rxc6 Bxc6 20. Qxc6 Qxc6
21. Bxc6 Ke7 22. b4 Rb8 23. Ba5 Ra7 24. g3 Bc1 25. a4 f5 26. exf5 gxf5 27. Kf1
Ke6 28. Bb5 d5 29. Ke2 h6 30. Kd1 Bg5 31. Ne1 Be7 32. Nd3 Bd6 33. Nc1 Rab7 34.
Kc2 h5 35. Nb3 Ra7 36. Kd2 h4 37. Ke2 h3 38. f3 Rab7 39. Nc1 Rxb5 40. axb5 Rxb5
41. Na2 d4 42. Kd2 e4 43. f4 Kd5 0-1

[Event "III Open Amatori"]
[Site "Arvier ITA"]
[Date "2013.01.05"]
[Round "5"]
[White "Cattaneo, Roger"]
[Black "Marguerettaz, Davy"]
[WhiteElo "1821"]
[BlackElo "2199"]
[Result "0-1"]
[PlyCount "116"]
[EventDate "2013.01.02"]

1. e4 c5 2. Nf3 Nc6 3. Nc3 g6 4. Bc4 Bg7 5. a3 e6 6. O-O Nge7 7. Ne2 d5 8. exd5
exd5 9. Ba2 Bg4 10. c3 Bxf3 11. gxf3 O-O 12. d3 Qd7 13. Be3 d4 14. cxd4 Nxd4
15. Nxd4 cxd4 16. Bf4 Nc6 17. Re1 Qf5 18. Re4 g5 19. Bg3 h5 20. h4 gxh4 21.
Bxh4 Ne5 22. Kg2 Ng6 23. Bg3 Bf6 24. Qh1 h4 25. Bxh4 Bxh4 26. Rxh4 Nxh4+ 27.
Qxh4 Qg6+ 28. Kh2 Qh7 29. Rg1+ Kh8 30. Qxh7+ Kxh7 31. Bd5 Rad8 32. Bxb7 Rb8 33.
Be4+ f5 34. Bd5 Rxb2 35. Kg3 Rd2 36. Bc4 f4+ 37. Kg2 Rf6 38. Rh1+ Rh6 39. Rxh6+
Kxh6 40. a4 a5 41. Kh3 Kg5 42. Kg2 Kf6 43. Bb5 Ke5 44. Bc4 Rb2 45. Bf7 Rb4 46.
Be8 Rb3 47. Kf1 Rxd3 48. Ke2 Rb3 49. Bg6 Rb2+ 50. Kd3 Rxf2 51. Be4 Ra2 52. Bc6
Ra3+ 53. Ke2 Kd6 54. Bb5 Re3+ 55. Kf2 d3 56. Ba6 d2 57. Be2 Kc5 58. Bd1 Re1 0-1

[Event "III Open Amatori"]
[Site "Arvier ITA"]
[Date "2013.01.05"]
[Round "5"]
[White "Lyabel, Giacomo"]
[Black "Bogatto, Mario"]
[WhiteElo "1449"]
[BlackElo "1430"]
[Result "1/2-1/2"]
[PlyCount "45"]
[EventDate "2013.01.02"]

1. e4 c5 2. Nf3 d6 3. Nc3 a6 4. a4 Nf6 5. h3 g6 6. Bc4 e6 7. d3 Bg7 8. Bg5 h6
9. Bxf6 Qxf6 10. O-O O-O 11. Re1 Nd7 12. Qd2 Rd8 13. Rad1 Rb8 14. d4 cxd4 15.
Nxd4 Nb6 16. Bb3 e5 17. Nf3 Be6 18. Bxe6 Qxe6 19. b3 Rd7 20. Re3 Rbd8 21. Rd3
f5 22. Nh2 f4 23. Nf3 1/2-1/2

[Event "III Open Amatori"]
[Site "Arvier ITA"]
[Date "2013.01.05"]
[Round "5"]
[White "Piazza, Giacomo"]
[Black "Triglia, Guglielmo"]
[WhiteElo "1608"]
[BlackElo "1413"]
[Result "1-0"]
[PlyCount "93"]
[EventDate "2013.01.02"]

1. Nf3 d5 2. e3 Nf6 3. c4 c6 4. b3 Bf5 5. d3 e6 6. Nbd2 Bb4 7. Bb2 Na6 8. a3
Bd6 9. Be2 Nc5 10. d4 Nd3+ 11. Bxd3 Bxd3 12. c5 Bc7 13. b4 Be4 14. O-O Qb8 15.
Ne5 O-O 16. f3 Bg6 17. Kh1 Bxe5 18. dxe5 Nd7 19. f4 b6 20. Bc3 bxc5 21. bxc5
Re8 22. Bd4 Qb5 23. a4 Qd3 24. Qe1 f6 25. Nf3 Rab8 26. exf6 Nxf6 27. Ne5 Qa6
28. Nxg6 hxg6 29. a5 Nd7 30. Qg3 Qd3 31. h4 Nf8 32. h5 Qe2 33. hxg6 Qh5+ 34.
Kg1 Qxg6 35. Qxg6 Nxg6 36. Rf3 e5 37. fxe5 Nxe5 38. Rg3 Kf7 39. Rf1+ Kg8 40.
Rg5 Nc4 41. Rxg7+ Kh8 42. Rxa7+ Ne5 43. Rf5 Rb1+ 44. Kh2 Re1 45. Bxe5+ Kg8 46.
Rg7+ Kh8 47. Rh5# 1-0

[Event "III Open Amatori"]
[Site "Arvier ITA"]
[Date "2013.01.05"]
[Round "5"]
[White "Pierantoni, Mauro"]
[Black "Gennaro, Isabella"]
[WhiteElo "1810"]
[BlackElo "1658"]
[Result "1/2-1/2"]
[PlyCount "157"]
[EventDate "2013.01.02"]

1. e4 c5 2. b4 cxb4 3. Bb2 Nf6 4. e5 Nd5 5. Bc4 e6 6. Qf3 Nb6 7. Bb3 Nc6 8. d4
d5 9. Nd2 a5 10. c3 bxc3 11. Bxc3 Bb4 12. a3 Bxc3 13. Qxc3 O-O 14. Ngf3 Bd7 15.
O-O Qe7 16. Bc2 Rab8 17. Rfb1 Na8 18. Qd3 g6 19. Qe3 Nc7 20. Qh6 f6 21. h4 Qg7
22. Qxg7+ Kxg7 23. Nb3 b6 24. Nc1 b5 25. Nd3 Na6 26. exf6+ Kxf6 27. Nde5 Ke7
28. g3 Rfc8 29. Bd3 Nc7 30. Nxc6+ Bxc6 31. Rc1 Be8 32. Ne5 Kd6 33. f4 Na8 34.
Rab1 Rxc1+ 35. Rxc1 Nb6 36. Rb1 Na4 37. Bf1 Nc3 38. Rb3 Ne4 39. Kg2 Nd2 40. Rb2
Nxf1 41. Kxf1 Rc8 42. Rb3 Kc7 43. Rc3+ Kb7 44. Rxc8 Kxc8 45. Ng4 b4 46. axb4
axb4 47. Ke1 Kb7 48. Kd1 Kb6 49. Kc2 Ba4+ 50. Kb2 Kb5 51. Ne3 Ka5 52. g4 h6 53.
h5 gxh5 54. gxh5 Be8 55. Ng4 Bxh5 56. Nxh6 Kb5 57. f5 exf5 58. Nxf5 Kc4 59.
Ne3+ Kxd4 60. Nc2+ Kc4 61. Ne3+ Kc5 62. Kb3 Bf7 63. Kc2 d4 64. Nd1 Bg6+ 65. Kd2
Kc4 66. Nb2+ Kb3 67. Nd1 Ka2 68. Kc1 d3 69. Ne3 b3 70. Nd1 Bf7 71. Kd2 Bc4 72.
Kc3 Kb1 73. Kxc4 Kc2 74. Ne3+ Kd2 75. Nf1+ Ke2 76. Ng3+ Kd2 77. Nf1+ Kc2 78.
Ne3+ Kd2 79. Nf1+ 1/2-1/2

[Event "III Open Amatori"]
[Site "Arvier ITA"]
[Date "2013.01.05"]
[Round "5"]
[White "Tedesco, Fernando"]
[Black "Brioschi, Camillo"]
[WhiteElo "1798"]
[BlackElo "1800"]
[Result "0-1"]
[PlyCount "74"]
[EventDate "2013.01.02"]

1. e4 e5 2. Nf3 Nc6 3. Bb5 a6 4. Bxc6 dxc6 5. d3 Bd6 6. h3 Ne7 7. O-O Ng6 8.
Be3 O-O 9. Nc3 f6 10. a3 Be6 11. Ne2 c5 12. b3 Qd7 13. Ng3 Rad8 14. a4 Be7 15.
Kh2 Qe8 16. Qc1 a5 17. Rd1 b6 18. Rf1 Bd6 19. Qd1 Ne7 20. Kg1 Nc6 21. Bd2 Nd4
22. Nxd4 exd4 23. f4 Qd7 24. Qf3 f5 25. e5 Be7 26. Kh2 g6 27. Qe2 Kh8 28. Be1
Qe8 29. Nh1 g5 30. g3 Rg8 31. Bf2 Qg6 32. Rg1 Qh6 33. Qd2 Rg6 34. Raf1 Rdg8 35.
Qc1 Bd5 36. g4 gxf4 37. gxf5 Rg2+ 0-1

[Event "III Open Amatori"]
[Site "Arvier ITA"]
[Date "2013.01.05"]
[Round "6"]
[White "Benazzo, Angelo"]
[Black "Cattaneo, Roger"]
[WhiteElo "1701"]
[BlackElo "1821"]
[Result "1-0"]
[PlyCount "85"]
[EventDate "2013.01.02"]

1. Nf3 d5 2. g3 Nf6 3. Bg2 c5 4. d3 Nc6 5. Nbd2 e6 6. O-O Bd6 7. Re1 Bc7 8. c3
O-O 9. Qc2 Bd7 10. e4 d4 11. c4 Nb4 12. Qb1 b5 13. a3 Na6 14. b3 bxc4 15. Nxc4
Rb8 16. Qc2 Bb5 17. Bd2 Nd7 18. Rab1 Nb6 19. Rb2 Nxc4 20. bxc4 Bc6 21. Reb1 f6
22. h4 Qe8 23. Qc1 Rxb2 24. Rxb2 Nb8 25. Bf4 e5 26. Bd2 Nd7 27. Bh3 Nb6 28. g4
Na4 29. Rb3 Qd8 30. h5 Ba5 31. g5 Bxd2 32. Qxd2 Qc7 33. g6 h6 34. Be6+ Kh8 35.
Nh4 Nc3 36. Nf5 Bd7 37. Bxd7 Qxd7 38. Qb2 Qa4 39. Kg2 Ne2 40. Rb8 Nf4+ 41. Kh2
Re8 42. Qb7 Nxh5 43. Nd6 1-0

[Event "III Open Amatori"]
[Site "Arvier ITA"]
[Date "2013.01.05"]
[Round "6"]
[White "Bianchi, Simone"]
[Black "Lyabel, Giacomo"]
[WhiteElo "1600"]
[BlackElo "1449"]
[Result "1-0"]
[PlyCount "77"]
[EventDate "2013.01.02"]

1. e4 e5 2. Nf3 Nc6 3. d4 d5 4. Bb5 Bg4 5. Qd3 Nf6 6. dxe5 dxe4 7. Qxd8+ Rxd8
8. exf6 exf3 9. O-O gxf6 10. Nc3 fxg2 11. Re1+ Be7 12. Bh6 Rd7 13. Bg7 Rg8 14.
Bxf6 Bf3 15. Re3 Bg4 16. Rae1 Be6 17. Bxe7 Kxe7 18. Bc4 Nd4 19. Nd5+ Kd8 20.
Nf6 Nxc2 21. Bxe6 Nxe3 22. Nxg8 Rd1 23. Rxd1+ Nxd1 24. Bxf7 Nxb2 25. Kxg2 c5
26. Kf3 b5 27. Ke4 c4 28. Kd4 Kc7 29. f4 Kd6 30. f5 Nd3 31. Be8 a6 32. f6 Ne5
33. f7 Nxf7 34. Bxf7 Kc7 35. Nf6 h6 36. Ng4 Kd7 37. Nxh6 Ke7 38. Bxc4 bxc4 39.
Kxc4 1-0

[Event "III Open Amatori"]
[Site "Arvier ITA"]
[Date "2013.01.05"]
[Round "6"]
[White "Bogatto, Mario"]
[Black "Tedesco, Fernando"]
[WhiteElo "1430"]
[BlackElo "1798"]
[Result "0-1"]
[PlyCount "88"]
[EventDate "2013.01.02"]

1. e4 e6 2. d4 d5 3. e5 c5 4. c3 cxd4 5. cxd4 Bd7 6. Nf3 h6 7. Nc3 Bb4 8. a3
Bxc3+ 9. bxc3 Bc6 10. Bd2 Qd7 11. Be2 Ne7 12. O-O Bb5 13. Re1 Bxe2 14. Rxe2 O-O
15. Qc1 Kh7 16. Qc2+ Kg8 17. Qd1 Qb5 18. Re1 Qd3 19. Re3 Qc4 20. Re1 Qd3 21.
Re3 Qh7 22. Ra2 Nf5 23. Re1 Rc8 24. Qc2 Ne7 25. Qxh7+ Kxh7 26. h3 Nbc6 27. g4
Na5 28. Rc1 Nc4 29. Be3 Rc7 30. Nd2 Rac8 31. Nxc4 Rxc4 32. Bd2 Nc6 33. Rb1 b6
34. Kf1 Kg6 35. f4 Kh7 36. Ke2 g6 37. h4 h5 38. g5 Ne7 39. Rh1 Nf5 40. Kd3 Ng3
41. Rg1 Ne4 42. Kc2 Nxc3 43. Bxc3 Rxc3+ 44. Kd2 Rf3 0-1

[Event "III Open Amatori"]
[Site "Arvier ITA"]
[Date "2013.01.05"]
[Round "6"]
[White "Brioschi, Camillo"]
[Black "Boschetti, Claudio"]
[WhiteElo "1800"]
[BlackElo "2138"]
[Result "0-1"]
[PlyCount "66"]
[EventDate "2013.01.02"]

1. d4 Nf6 2. c4 e5 3. dxe5 Ng4 4. Bf4 Nc6 5. Nf3 Bb4+ 6. Nbd2 Qe7 7. a3 Ngxe5
8. Nxe5 Nxe5 9. e3 Bxd2+ 10. Qxd2 d6 11. Be2 O-O 12. O-O b6 13. Qc3 Ng6 14. Bg3
Bb7 15. f3 f5 16. Bd3 Qxe3+ 17. Bf2 Qg5 18. Qc1 f4 19. Bd4 Nh4 20. Rf2 Nxf3+
21. Rxf3 Bxf3 22. Qc2 Rae8 23. Qf2 Bb7 24. Rf1 c5 25. Bc3 Re3 26. Bb1 Rfe8 27.
Qc2 Be4 28. Qd2 Bxb1 29. Rxb1 Qg6 30. Qd5+ Kh8 31. Rf1 Rf8 32. Bd2 f3 33. Rxf3
Rexf3 0-1

[Event "III Open Amatori"]
[Site "Arvier ITA"]
[Date "2013.01.05"]
[Round "6"]
[White "Doromeychuk, Anton"]
[Black "Yeuillaz, Corrado"]
[WhiteElo "1774"]
[BlackElo "2239"]
[Result "1/2-1/2"]
[PlyCount "76"]
[EventDate "2013.01.02"]

1. d4 g6 2. Nf3 Nf6 3. c4 Bg7 4. Nc3 O-O 5. e4 d6 6. Bg5 c6 7. Be2 Qa5 8. O-O
e5 9. d5 c5 10. Qd2 a6 11. Nh4 Re8 12. f4 exf4 13. Rxf4 Nfd7 14. Raf1 Ne5 15.
Nf5 gxf5 16. Bh5 h6 17. Bh4 Ng6 18. exf5 Nxh4 19. f6 Bf8 20. Rxh4 Re5 21. Rf3
Rg5 22. Rg3 Rxg3 23. hxg3 Bf5 24. Be2 Qd8 25. Rxh6 Bxh6 26. Qxh6 Qf8 27. Qg5+
Bg6 28. Bh5 Kh7 29. Bxg6+ fxg6 30. Ne4 Nd7 31. Qh4+ Kg8 32. g4 Re8 33. g5 Ne5
34. f7+ Kxf7 35. Qh7+ Qg7 36. Nxd6+ Kf8 37. Qxg7+ Kxg7 38. Nxe8+ Kf8 1/2-1/2

[Event "III Open Amatori"]
[Site "Arvier ITA"]
[Date "2013.01.05"]
[Round "6"]
[White "Gennaro, Isabella"]
[Black "Triglia, Guglielmo"]
[WhiteElo "1658"]
[BlackElo "1413"]
[Result "1-0"]
[PlyCount "45"]
[EventDate "2013.01.02"]

1. e4 c6 2. d4 d5 3. Nd2 dxe4 4. Nxe4 Qd5 5. Ng3 Nf6 6. Nf3 Bg4 7. Be2 Ne4 8.
Nxe4 Qxe4 9. O-O Bxf3 10. Bxf3 Qf5 11. Re1 e6 12. d5 cxd5 13. Bxd5 Nc6 14.
Bxc6+ bxc6 15. Be3 Bc5 16. g4 Qe5 17. Qf3 Bxe3 18. Qxc6+ Ke7 19. Rxe3 Qxb2 20.
Qc7+ Kf6 21. Rf3+ Kg6 22. Qxf7+ Kg5 23. Qh5# 1-0

[Event "III Open Amatori"]
[Site "Arvier ITA"]
[Date "2013.01.05"]
[Round "6"]
[White "Gromovs, Sergejs"]
[Black "Baloire, Endy"]
[WhiteElo "2001"]
[BlackElo "1961"]
[Result "1/2-1/2"]
[PlyCount "204"]
[EventDate "2013.01.02"]

1. d4 d5 2. c4 e6 3. Nc3 Nf6 4. Nf3 c6 5. Bg5 Nbd7 6. e3 Be7 7. Qc2 O-O 8. a3
Re8 9. h3 b6 10. cxd5 exd5 11. Bd3 Bb7 12. O-O Rc8 13. Ne5 h6 14. Bxf6 Nxf6 15.
Bf5 Ra8 16. b4 c5 17. bxc5 bxc5 18. Rfb1 Bc8 19. Nc6 Qc7 20. Nxe7+ Qxe7 21.
dxc5 Bxf5 22. Qxf5 Qxc5 23. Rc1 Qa5 24. Qd3 Rac8 25. Qb5 Qd8 26. Ne2 Qd6 27.
Qb4 Rxc1+ 28. Rxc1 Qxb4 29. axb4 Rb8 30. Rb1 a6 31. f3 Kf8 32. Nd4 g6 33. Kf2
Ke8 34. g4 Kd7 35. h4 Ne8 36. Ke2 Nc7 37. Kd3 Kd6 38. h5 Ne6 39. Ra1 Nxd4 40.
exd4 Rb6 41. hxg6 fxg6 42. Rh1 Ke7 43. Rxh6 Kf6 44. f4 Kg7 45. Rh1 Rxb4 46. Rc1
Rb3+ 47. Rc3 Rb6 48. Rc7+ Kf8 49. Rd7 Rb3+ 50. Ke2 Rb2+ 51. Kf3 Rb3+ 52. Kg2 a5
53. Rxd5 a4 54. Kf2 a3 55. Ra5 Rd3 56. d5 a2 57. Rxa2 Rxd5 58. Ke3 Rb5 59. Ra7
Rb4 60. Rd7 Ra4 61. Rd4 Ra5 62. Ke4 Kf7 63. Rd5 Ra1 64. Rd4 Ra5 65. Rb4 Kf6 66.
g5+ Ke6 67. Rb6+ Kf7 68. Rb7+ Kf8 69. Rd7 Rb5 70. Rd5 Rb7 71. Rd6 Kf7 72. Rf6+
Kg7 73. Rd6 Kf7 74. Ke5 Re7+ 75. Kd5 Re1 76. Rd7+ Kf8 77. Ra7 Re2 78. Ra6 Kf7
79. Rf6+ Kg7 80. Re6 Rd2+ 81. Ke5 Re2+ 82. Kd6 Ra2 83. Re7+ Kf8 84. Re4 Kf7 85.
Rc4 Rd2+ 86. Ke5 Re2+ 87. Re4 Ra2 88. Rd4 Re2+ 89. Kd5 Re8 90. Re4 Rd8+ 91. Ke5
Re8+ 92. Kd4 Rd8+ 93. Ke3 Rd7 94. Ra4 Re7+ 95. Kf3 Rd7 96. Kg4 Rb7 97. f5 gxf5+
98. Kh5 Kg7 99. Ra6 Rf7 100. Rg6+ Kh7 101. Rh6+ Kg7 102. g6 Rf8 1/2-1/2